Регионална библиотека "Любен Каравелов" - Русе

Белези от огъня на словото (Запис номер 419397)

MARC детайли
000 -Лидер
Контролно поле с фиксирана дължина 01046aam a2200289 a 4500
003 - Код на организацията, давaща контролен номер
Контролно поле BLK
005 - Дата и час на последна редакция
Контролно поле 20240925095523.0
008 - Елементи от данни с фиксирана дължина
fixed length control field 180925b bul||||| |||| 00| 0 bul d
020 ## - Международен стандартен номер на книга ISBN
Международен стандартен номер на книга ISBN 9789540914015
040 ## - Източник на каталожния запис
Идентификатор на билиотеката - собственик на записа BLK
041 ## - Код за език
Код за езика на текст/звукозапис или на отделно заглавие Български
Код за езика КДБФ Български
080 ## - УДК
Текстов определител УДК Българска литература(изследвания)
УДК код - определител по УДК 821.163.2.09
УДК - код + определител 821.163.2.09
100 ## - Редна дума - Автор
Автор Павлова, Лалка
R(LIN) 1299
Авторска отговорност първи автор
139 ## - Редно поле
Редна дума Павлова, Лалка
245 ## - Сведения за заглавието
Заглавие Белези от огъня на словото
Редно поле (дума) Лалка Павлова
Том Т. 1
Заглавие на том Литературна критика
257 ## - Страна на издаване
Страна на създаване/издаване България
260 ## - Област на издателските данни
Име на издателя, разпространителя и проч. Захарий Стоянов
Година на издаване 2020
Място на издаване, разпространение и проч. София
9 (RLIN) 209473
Издателство - префикс ISBN 978-954-739- ; 978-954-09- ; 954-9559-
300 ## - Физическа характеристика
Размери/Мащаб 20 см
380 ## - Жанр
Жанр Литературознание
650 #0 - Допълнително описание по предмет – тема
Основно описание – тема или топоним Българска литература - история
9 (RLIN) 246271
653 #7 - Ключова дума – ненормативна
9 (RLIN) 189421
Ключова дума критика
760 ## - Описание на основната серия
Страници - том 466 с.
Част - том Т. 1
852 ## - Местоположение
Форматна сигнатура Цб 317705
856 ## - Електронен адрес и достъп
Инструкция (цена за достъп) 0.00
Права за достъп disable
942 ## - АРТИКУЛИ
Вид на библиотечния материал Книги
Източник на класификационната схема Universal Decimal Classification
Скрит в OPAC Не
Периодичен библиозапис Да
944 ## - СЪЗДАВАНЕ И РЕДАКЦИЯ на ЗАПИСА
Създаване/Редакция Създаване
Дата на регистрацията/редакция 2021-06-11
Служител, извършил регистрацията/редакцията 30550
Статус, дата на статуса Кети Илиева
999 ## - СИСТЕМНИ КОНТРОЛНИ НОМЕРА
Koha biblionumber 419397
Koha biblioitemnumber 419397
Наличности
Код за отписване Код за изгубен артикул Източник на класификационната схема Код за повреда Коз за рестрикции Код за отдаване Артикулен № Име на библиотеката - собственик Име на библиотеката, в която се намира в момента Статус (Текущо местоположение) Дата на вписване в системата Местоположение - отдел Цена в лева Номерация (Хронология) Систематично азбучна сигнатура Баркод Цена в евро Служебен тип на артикула Инвентарен номер
  Не е изгубен Universal Decimal Classification Не е повреден само за читалня ползва се в читалня 837928 Регионална библиотека "Любен Каравелов" Русе Регионална библиотека "Любен Каравелов" Русе Хранилище 2021-06-18 Основен фонд - ползва се само за читалня 30.00 автограф: Лалка Павлова Цб 308027 120000856846 15.34 Книги  
  Не е изгубен Universal Decimal Classification Не е повреден   ползва се в читалня 928242 Регионална библиотека "Любен Каравелов" Русе Регионална библиотека "Любен Каравелов" Русе Хранилище 2023-05-10 Хранилище 25.00   Цб 317705 120000887407 12.78 Книги 120000887407
  Не е изгубен Universal Decimal Classification Не е повреден   заемане за дома 950077 Регионална библиотека "Любен Каравелов" Русе Регионална библиотека "Любен Каравелов" Русе Заемна - подръчен фонд 2024-09-30 Заемна - подръчен фонд 25.00 Автограф : Лалка Павлова 821.163.2.09/П 13 Л 120000913434 12.78 Книги 120000913434
Vip Innovations Ltd, Rousse, Bulgaria 2025